000
00337pab a2200157 454500
008
180718b2013 xxu||||| |||| 00| 0 eng d
100
_a
Hanspal, Savita
245
_a
Regulating advertising
260
_c
2013
300
_a
p.72-76.
362
_a
Jul
650
_a
Consumers
773
_a
Seminar
908
_a
N
909
_a
101113
999
_c
101112
_d
101112